| 000 | 01628cab a2200217 4500 | ||
|---|---|---|---|
| 001 | L129346 | ||
| 008 | 050413n2005 000 0 eng u | ||
| 035 | _a(Sirsi) u129346 | ||
| 041 | _aeng | ||
| 100 | _aWillis, Tim | ||
| 245 | 4 | _aThe arrangement | |
| 260 | _c2005 | ||
| 490 |
_aBuilding _v270(8375) 1 April 2005, 56(1) |
||
| 520 | _aDiscusses the consequences of the Proceeds of Crime Act 2002 s328 which provides that an offence is committed if an arrangement is entered into which facilitates the 'acquisition, use or control of criminal property by on or behalf of another person'. Points out that this legislation can cover a range of different situations including valuers, certifiers, arbitrators or adjudicators dealing with applications for payment or disputes where there was a suspicion that another party might acquire criminal property. The impact of this legislation was seen in the recent CA decision "Bowman v Fels" ([2005] EWCA Civ 226, The Times 14 March 2005) where the Law Society, the Bar Council and the National Criminal Intelligence Service were all represented to clarify the position. The court found that the conduct of litigation by legal professionals entering into settlements in an litigious context did not come within s328 of the Act. | ||
| 590 | _aIKA150405 | ||
| 650 | _aPROCEEDS OF CRIME ACT 2002 S328 | ||
| 650 | _aBOWMAN V FELS | ||
| 690 | _aMANAGEMENT-DISPUTE AVOIDANCE, MANAGEMENT AND RESOLUTION-DISPUTE MANAGEMENT AND RESOLUTION | ||
| 856 | 4 | 1 |
_uhttps://www.bailii.org/ew/cases/EWCA/Civ/2005/226.html _zView the Bowman judgment free of charge at www.bailii.org... |
| 942 | _n0 | ||
| 999 |
_c75081 _d75081 |
||